Otto Wagner, Gustav Klimt /

সংরক্ষণ করুন:
গ্রন্থ-পঞ্জীর বিবরন
অন্যান্য লেখক: Bain, William, Bonet, Llorenç, Kliczkowski, Sol
বিন্যাস: গ্রন্থ
ভাষা:ইংরেজি
প্রকাশিত: New York : Harper Design International, 2003
মালা:Duets
ট্যাগগুলো: ট্যাগ যুক্ত করুন
কোনো ট্যাগ নেই, প্রথমজন হিসাবে ট্যাগ করুন!

MARC

LEADER 00000nam a22000007i 4500
001 IT\ICCU\UBO\2953820
003 ItRI
005 20260115231813.0
008 060410s2003 xxu|||||| ||||| |||||c
020 |a 0060564229 
040 |b ita  |c importazione bologna sebina 
041 7 |a eng  |2 ISO-639-2 
245 0 0 |a Otto Wagner, Gustav Klimt /  |c [editorial coordination and text, Llorenç Bonet ; text on pages 14-34, Sol Kliczkowski ; translation, William Bain]. 
260 |a New York :  |b Harper Design International,  |c 2003 
300 |a 95 p. :  |b ill. ;  |c 22 cm. 
700 1 |a Bain, William  |0 IT\ICCU\USMV\622673 
700 1 |a Bonet, Llorenç  |0 IT\ICCU\MILV\277511 
700 1 |a Kliczkowski, Sol  |0 IT\ICCU\MILV\278970 
830 0 |a Duets  |0 IT\ICCU\UBO\2953837 
942 |2 ddc  |c BK  |n 0 
952 |0 0  |1 0  |4 0  |6 DOC_759_360000000000000_BON  |7 0  |9 12966  |a BO  |b BO  |d 2026-01-15  |i 9713  |l 0  |o DOC 759.36 BON  |p BO9713  |r 2026-01-15 23:18:13  |w 2026-01-15  |x [Sebina 5] [1 v.]  |y BK  |z 1 v. 
999 |c 11100  |d 11100